| 000 | 01405cam a2200373 i 4500 | ||
|---|---|---|---|
| 999 |
_c200447297 _d65509 |
||
| 001 | 200447297 | ||
| 003 | TR-AnTOB | ||
| 005 | 20220422110756.0 | ||
| 007 | ta | ||
| 008 | 060818s2003 tu 000 0 tur d | ||
| 020 | _a9756918853 | ||
| 020 | _a9789756918852 | ||
| 035 | _a(OCoLC)920513027 | ||
| 035 | _a(TR-AnTOB)200447297 | ||
| 040 |
_aSULEY _beng _erda _cSULEY _dTR-AnTOB |
||
| 041 | 0 | _atur | |
| 050 | 4 |
_aHC493.I87 _bI874 2003 |
|
| 090 |
_aTOBBK HC493.I87 _bI874 2003 |
||
| 245 | 0 | 0 |
_aIsparta sanayi potansiyeli ve yatırım alanları araştırması / _chazırlayan Rıza Alagöz. |
| 264 | 1 |
_aAnkara : _bSanayi ve Ticaret Bakanlığı, _c2003. |
|
| 300 |
_avi, 182 pages ; _c28 cm |
||
| 336 |
_atext _btxt _2rdacontent |
||
| 337 |
_aunmediated _bn _2rdamedia |
||
| 338 |
_avolume _bnc _2rdacarrier |
||
| 490 | 0 |
_aSanayi ve Ticaret Bakanlığı Sanayi Araştırma ve Geliştirme Genel Müdürlüğü ; _vyayın no: 112. |
|
| 650 | 7 |
_aEndüstrileşme _zTürkiye _zIsparta _2etuturkob _9135441 |
|
| 650 | 7 |
_aYatırımlar _zTürkiye _zIsparta _2etuturkob _9135442 |
|
| 651 | 7 |
_aIsparta (Türkiye) _xEkonomik durum _2etuturkob _966552 |
|
| 700 | 1 |
_aAlagöz, Rıza _eeditor _9128108 |
|
| 710 | 2 |
_aTürkiye. _bSanayi ve Ticaret Bakanlığı. _bSanayi Araştırma ve Geliştirme Genel Müdürlüğü _9135443 |
|
| 942 |
_2z _cBK |
||